Tables des fonctions thermodynamiques de Debeye / (Record no. 150813)
[ view plain ]
| 000 -LEADER | |
|---|---|
| fixed length control field | 00936cam5a220022900 4500 |
| 001 - CONTROL NUMBER | |
| control field | qcf00226633 |
| 005 - DATE AND TIME OF LATEST TRANSACTION | |
| control field | 20190823110219.0 |
| 008 - FIXED-LENGTH DATA ELEMENTS--GENERAL INFORMATION | |
| fixed length control field | 760512s1962 cnk b 000 0 fre d |
| 035 ## - SYSTEM CONTROL NUMBER | |
| System control number | (Sirsi) r14030 |
| 035 ## - SYSTEM CONTROL NUMBER | |
| System control number | (QCAT)lss01254180 |
| 035 ## - SYSTEM CONTROL NUMBER | |
| System control number | (UPRA)qcf00226633 |
| 040 ## - CATALOGING SOURCE | |
| Modifying agency | UPRA |
| 100 1# - MAIN ENTRY--PERSONAL NAME | |
| Personal name | Giguere, Paul A. |
| Linkage | A69658.1 |
| 245 10 - TITLE STATEMENT | |
| Title | Tables des fonctions thermodynamiques de Debeye / |
| Statement of responsibility, etc. | preparees par Paul A. Giguere et Maurice Boisvert. |
| 260 ## - PUBLICATION, DISTRIBUTION, ETC. | |
| Place of publication, distribution, etc. | Quebec : |
| Name of publisher, distributor, etc. | Presses de L'Universite Laval, |
| Date of publication, distribution, etc. | 1962. |
| 504 ## - BIBLIOGRAPHY, ETC. NOTE | |
| Bibliography, etc. note | Bibliographical footnotes. |
| 650 #0 - SUBJECT ADDED ENTRY--TOPICAL TERM | |
| Topical term or geographic name entry element | Thermodynamics -- Tables. |
| General subdivision | Thermodynamics -- Tables. |
| Linkage | S14639.1 |
| 700 1# - ADDED ENTRY--PERSONAL NAME | |
| Personal name | Debye, Peter J. W. (Peter Josef William), 1884- |
| Fuller form of name | Debye, Peter J. W. (Peter Josef William), 1884- |
| Dates associated with a name | Debye, Peter J. W. (Peter Josef William), 1884- |
| Linkage | A69659.1 |
| 700 1# - ADDED ENTRY--PERSONAL NAME | |
| Personal name | Boisvert, Maurice. |
| Linkage | A69660.1 |
| 949 ## - LOCAL PROCESSING INFORMATION (OCLC) | |
| a | QC311 |
| w | lcc |
| i | 33729001800866 |
| m | MAIN |
| p | 2500 |
| t | BOOK |
| l | ON-SHELF |
No items available.